Statistiche per Confine Più Lungo - Europa #1

Clicka qui per fare il quiz!

Statistiche generali

  • Questo quiz è stato fatto 270 volte
  • Il punteggio medio è 14 su 15

Statistiche sulle risposte

Paese - Lunghezza confineConfine più lungo% Corretto
Andorra - 64 kmSpagna
100%
Austria - 784 kmGermania
98%
Bielorussia - 959 kmRussia
98%
Bosnia-Erzegovina - 932 kmCroazia
96%
Belgio - 620 kmFrancia
96%
Danimarca - 68 kmGermania
96%
Estonia - 339 kmLettonia
96%
Finlandia - 1340 kmRussia
96%
Francia - 656 kmSpagna
96%
Bulgaria - 631 kmRomania
93%
Germania - 784 kmAustria
92%
Croazia - 932 kmBosnia-Erzegovina
92%
Albania - 282 kmGrecia
92%
Repubblica Ceca - 796 kmPolonia
90%
Grecia - 494 kmBulgaria
84%

Distribuzione punteggi

Percentile per numero di risposta

Percentuale di utenti per punteggio

I tuoi punteggi nel tempo

Non hai fatto questo quiz